00883naa a2200181 i 45000010005000000030009000050050017000140080039000310400031000700410008001011000165001092450119002746550030003937110075004237730176004989420012006749990015006868974KOSZ 00520180313102221.0180313s2011 pl f |100 0 pol cKOSZ 005/ HRaKOSZ 005/ HR apol1 aPIASKOWSKI, Krzysztof.d1998 - .bPolitechnika Koszalińska - Wydział Inżynierii Lądowej, Środowiska i Geodezji,cKatedra Technologii Wody i Ścieków10aUsuwanie azotu i fosforu w ciągłych oraz porcjowych układach oczyszczania ścieków /cKrzysztof Piaskowski. 0aMateriały konferencyjne.22aPółnocna Konferencja Firm Komunalnychn(2 ;d2011 ;cUstka, Polska)0 iW :tKonferencja „Nowoczesne rozwiązania technologiczne jako fundamentalny czynnik w zakresie gospodarowania przedsiębiorstwami komunalnymi” 12-14.10.2011 Ustka. - cMN2UKD c8974d8974